Every Doctor Who Episode (2005 - 2022) - Statistics

General Stats
  • This quiz has been taken 17 times
    4 since last reset
  • The average score is 74 of 174
Answer Stats
Hint Answer % Correct
Season 1 Episode 1 Rose
100%
Season 1Episode 2 The End of the World
100%
Season 3Episode 7 42
50%
2010Christmas Special A Christmas Carol
50%
Season 6Episode 7 A Good Man Goes to War
50%
Season 1Episode 4 Aliens of London
50%
Season 5Episode 7 Amy's Choice
50%
Season 2Episode 12 Army of Ghosts
50%
Season 12Episode 9 Ascension of the Cybermen
50%
Season 7Episode 1 Asylum of the Daleks
50%
Season 7Episode 3 A Town Called Mercy
50%
Season 1Episode 12 Bad Wolf
50%
Season 3Episode 10 Blink
50%
Season 1Episode 11 Boom Town
50%
Season 6Episode 12 Closing Time
50%
Season 5Episode 9 Cold Blood
50%
Season 7Episode 8 Cold War
50%
Season 1Episode 6 Dalek
50%
Season 3Episode 4 Daleks in Manhattan
50%
Season 8Episode 11 Dark Water
50%
Season 6Episode 2 Day of the Moon
50%
Season 8Episode 12 Death in Heaven
50%
Season 8Episode 1 Deep Breath
50%
Season 7Episode 2 Dinosaurs on a Spaceship
50%
Season 2Episode 13 Doomsday
50%
Season 10Episode 9 Empress of Mars
50%
Season 3Episode 5 Evolution of the Daleks
50%
Season 10Episode 6 Extremis
50%
Season 9Episode 10 Face the Raven
50%
Season 1Episode 8 Father's Day
50%
Season 2Episode 11 Fear Her
50%
Season 5Episode 5 Flesh and Stone
50%
Season 4Episode 9 Forest of the Dead
50%
Season 12Episode 5 Fugitive of the Judoon
50%
Season 3Episode 3 Gridlock
50%
Season 9Episode 11 Heaven Sent
50%
Season 9Episode 12 Hell Bent
50%
Season 7Episode 9 Hide
50%
Season 3Episode 8 Human Nature
50%
Season 8Episode 2 Into the Dalek
50%
Season 4Episode 13 Journey's End
50%
Season 7Episode 10 Journey to the Centre of the TARDIS
50%
Season 8Episode 7 Kill The Moon
50%
Season 10Episode 4 Knock Knock
50%
2014Christmas Special Last Christmas
50%
Season 3Episode 13 Last of the Time Lords
50%
2022Easter Special Legend of the Sea Devils
50%
Season 6Episode 8 Let's Kill Hitler
50%
Season 8Episode 4 Listen
50%
Season 2Episode 10 Love & Monsters
50%
Season 4Episode 10 Midnight
50%
Season 2Episode 1 New Earth
50%
Season 6Episode 9 Night Terrors
50%
Season 10Episode 5 Oxygen
50%
Season 4Episode 1 Partners in Crime
50%
2009Easter Special Planet of the Dead
50%
Season 4Episode 3 Planet of the Ood
50%
2021New Year Special Revolution of the Daleks
50%
Season 2Episode 5 Rise of the Cybermen
50%
Season 11Episode 3 Rosa
50%
Season 2Episode 3 School Reunion
50%
Season 4Episode 8 Silence in the Library
50%
Season 9Episode 9 Sleep No More
50%
Season 10Episode 2 Smile
50%
Season 3Episode 1 Smith and Jones
50%
Season 12Episode 1 Spyfall(Part 1)
50%
Season 12Episode 2 Spyfall(Part 2)
50%
Season 2Episode 6 The Age of Steel
50%
Season 6Episode 6 The Almost People
50%
Season 7Episode 5 The Angels Take Manhattan
50%
Season 5Episode 2 The Beast Below
50%
Season 7Episode 6 The Bells of Saint John
50%
Season 5Episode 13 The Big Bang
50%
Season 8Episode 6 The Caretaker
50%
2005Christmas Special The Christmas Invasion
50%
Season 7Episode 11 The Crimson Horror
50%
Season 6Episode 3 The Curse of the Black Spot
50%
50th AnniversarySpecial The Day of the Doctor
50%
Season 1Episode 10 The Doctor Dances
50%
Season 10Episode 12 The Doctor Falls
50%
Season 4Episode 6 The Doctor's Daughter
50%
Season 6Episode 4 The Doctor's Wife
50%
2011Christmas Special The Doctor, the Widow and the Wardrobe
50%
Season 10Episode 10 The Eaters of Light
50%
Season 5Episode 1 The Eleventh Hour
50%
Season 1Episode 9 The Empty Child
50%
2009Christmas Special The End of Time(Part 1)
50%
2010New Year Special The End of Time(Part 2)
50%
Season 3Episode 9 The Family of Blood
50%
Season 4Episode 2 The Fires of Pompeii
50%
Season 11Episode 2 The Ghost Monument
50%
Season 9Episode 5 The Girl Who Died
50%
Season 6Episode 10 The Girl Who Waited
50%
Season 6Episode 11 The God Complex
50%
Season 5Episode 8 The Hungry Earth
50%
2015Christmas Special The Husbands of River Song
50%
Season 2Episode 7 The Idiot's Lantern
50%
Season 6Episode 1 The Impossible Astronaut
50%
Season 2Episode 8 The Impossible Planet
50%
Season 3Episode 6 The Lazarus Experiment
50%
Season 10Episode 8 The Lie of the Land
50%
Season 5Episode 11 The Lodger
50%
Season 1Episode 7 The Long Game
50%
Season 9Episode 1 The Magician's Apprentice
50%
Season 7Episode 13 The Name of the Doctor
50%
2008Christmas Special The Next Doctor
50%
Season 5Episode 12 The Pandorica Opens
50%
Season 1Episode 13 The Parting of the Ways
50%
Season 10Episode 1 The Pilot
50%
Season 4Episode 5 The Poison Sky
50%
Season 7Episode 4 The Power of Three
50%
Season 10Episode 7 The Pyramid at the End of the World
50%
Season 6Episode 5 The Rebel Flesh
50%
2016Christmas Special The Return of Doctor Mysterio
50%
Season 7Episode 7 The Rings of Akhaten
50%
2006Christmas Special The Runaway Bride
50%
Season 2Episode 9 The Satan Pit
50%
Season 3Episode 2 The Shakespeare Code
50%
2012Christmas Special The Snowmen
50%
Season 4Episode 4 The Sontaran Stratagem
50%
Season 3Episode 12 The Sound of Drums
50%
Season 4Episode 12 The Stolen Earth
50%
Season 12Episode 10 The Timeless Children
50%
Season 5Episode 4 The Time of Angels
50%
2013Christmas Special The Time of the Doctor
50%
Season 4Episode 7 The Unicorn and the Wasp
50%
Season 1Episode 3 The Unquiet Dead
50%
Season 5Episode 6 The Vampires of Venice
50%
2009Autumn Special The Waters of Mars
50%
Season 6Episode 13 The Wedding of River Song
50%
Season 9Episode 2 The Witch's Familiar
50%
Season 11Episode 1 The Woman Who Fell to Earth
50%
Season 9Episode 6 The Woman Who Lived
50%
Season 9Episode 7 The Zygon Invasion
50%
Season 9Episode 8 The Zygon Inversion
50%
Season 10Episode 3 Thin Ice
50%
Season 2Episode 2 Tooth and Claw
50%
Season 4Episode 11 Turn Left
50%
2017Christmas Special Twice Upon a Time
50%
Season 9Episode 3 Under the Lake
50%
Season 3Episode 11 Utopia
50%
Season 5Episode 3 Victory of the Daleks
50%
Season 5Episode 10 Vincent and the Doctor
50%
2007Christmas Special Voyage of the Damned
50%
Season 10Episode 11 World Enough and Time
50%
Season 1Episode 5 World War Three
50%
Season 11Episode 4 Arachnids in the UK
0%
Season 9Episode 4 Before the Flood
0%
Season 12Episode 7 Can You Hear Me?
0%
Season 11Episode 6 Demons of the Punjab
0%
2022New Year Special Eve of the Daleks
0%
Season 8Episode 9 Flatline
0%
Season 8Episode 10 In the Forest of the Night
0%
Season 11Episode 9 It Takes You Away
0%
Season 11Episode 7 Kerblam!
0%
Season 8Episode 8 Mummy on the Orient Express
0%
Season 7Episode 12 Nightmare in Silver
0%
Season 12Episode 4 Nikola Tesla's Night of Terror
0%
FluxChapter 3 Once, Upon Time
0%
Season 12Episode 3 Orphan 55
0%
Season 12Episode 6 Praxeus
0%
2019New Year Special Resolution
0%
Season 8Episode 3 Robot of Sherwood
0%
FluxChapter 5 Survivors of the Flux
0%
Season 11Episode 10 The Battle of Ranskoor Av Kolos
0%
Season 2Episode 4 The Girl in the Fireplace
0%
FluxChapter 1 The Halloween Apocalypse
0%
Season 12Episode 8 The Haunting of Villa Diodati
0%
Season 11Episode 5 The Tsuranga Conundrum
0%
FluxChapter 6 The Vanquishers
0%
Season 11Episode 8 The Witchfinders
0%
Season 8Episode 5 Time Heist
0%
FluxChapter 4 Village of the Angels
0%
FluxChapter 2 War of the Sontarans
0%
No matching quizzes found
Score Distribution
Percent of People with Each Score
Percentile by Number Answered
Your Score History
You have not taken this quiz since the last reset